Tìm hiểu luật khiếu nại, tố cáo

שמור ב:
מידע ביבליוגרפי
מחבר ראשי: Đinh Văn Minh
פורמט: ספר
שפה:Undetermined
יצא לאור: Hà Nội Chính trị Quốc gia 2000
תגים: הוספת תג
אין תגיות, היה/י הראשונ/ה לתייג את הרשומה!
Thư viện lưu trữ: Trung tâm Học liệu Trường Đại học Cần Thơ
LEADER 00465nam a2200157Ia 4500
001 CTU_46730
008 210402s9999 xx 000 0 und d
082 |a 347.59705 
082 |b M312/2000 
100 |a Đinh Văn Minh 
245 0 |a Tìm hiểu luật khiếu nại, tố cáo 
245 0 |c Đinh Văn Minh 
260 |a Hà Nội 
260 |b Chính trị Quốc gia 
260 |c 2000 
980 |a Trung tâm Học liệu Trường Đại học Cần Thơ